000 01328nam a22003617a 4500
001 640
005 20230627161450.0
008 230627b cb ||||| |||| 00| 0 eng d
020 _a9781442493247 (pbk : alk. paper)
020 _a9781442493520 (hc : alk. paper)
020 _a9781442493254 (ebook)
040 _aNJQ/DLC
_cNJQ
_dDLC
_beng
050 0 0 _aQL737.U57
_bD57 2014
082 0 4 _a590.2
_223
100 1 _aDiSiena, Laura Lyn.
245 1 0 _aHippos can't swim :
_band other fun facts /
_cby Laura Lyn DiSiena and Hannah Eliot ; illustrated by Pete Oswald.
246 3 _aHippos can not swim
250 _aFirst Scholastic printing, January 2015
260 _aNew York :
_bScholastic,
_c2015.
300 _a30 unnumbered pages ;
_c22 x 28 cm.
_bcolor illustrations.
490 0 _aDid you know?
505 _aM
520 _a"A book of fun facts about animals of all sizes, shapes, and species!"--
_cProvided by publisher.
521 1 _a780
_bLexile
521 2 _aM
_bRaz-Plus
650 0 _aHippopotamidae
_vMiscellanea
_vJuvenile literature.
650 0 _aAnimals
_vMiscellanea
_vJuvenile literature.
650 0 _aChildren's questions and answers.
700 1 _aEliot, Hannah.
700 1 _aOswald, Pete,
_eillustrator.
906 _a7
_bcbc
_corignew
_d1
_eecip
_f20
_gy-gencatlg
942 _2ddc
_cBK
_n0
999 _c640
_d640